00530nam a2200169Ia 4500003000900000008004100009020001800050040001600068080001700084100002100101245013300122260003500255300001500290650002400305650001100329700002000340IN-BaIIA211028s9999 xx 000 0 eng d a0-12-408607-1 cIIA Library a535.8bAPP-7 aShannon Robert R 0aApplied optics and opitical engineeringbvol. VIIcRobert R Shannon and James C. Wyant  aNew YorkbAcademic Pressc1979 axvi, 344p. aOptical instruments aOptics aWyant, James C.